Načítá se...
Two lives /
| Další autoři: | |
|---|---|
| Médium: | Printed Book |
| Vydáno: |
Harmondsworth:
Penguin,
2005.
|
| Témata: |
| LEADER | 00506cam a2200157ua 4500 | ||
|---|---|---|---|
| 008 | 100812t2005||||||||||| 00 ||||| c | ||
| 082 | |a In 821.9 |b VIK/T | ||
| 245 | 0 | 0 | |a Two lives / |
| 260 | |a Harmondsworth: |b Penguin, |c 2005. | ||
| 300 | |a 503p.. | ||
| 362 | 1 | |a 2005. | |
| 650 | 0 | |a Indian English literature | |
| 700 | 0 | 2 | |a Vikram Seth, |
| 942 | |c BK | ||
| 999 | |c 23086 |d 23086 | ||
| 952 | |0 0 |1 0 |4 0 |6 IN_821_900000000000000_VIK |7 0 |9 24509 |a KUCL |b KUCL |d 2014-05-23 |l 1 |m 1 |o In 821.9 VIK/ |p 23719 |r 2018-08-02 |s 2018-06-08 |w 2014-05-23 |y BK | ||